Vista normal
Vista MARC
- Medina García, Marta
Entrada Nombre de persona
Número de registros utilizados en: 1
001 - NÚMERO DE CONTROL
- campo de control: 2577
003 - IDENTIFICADOR DEL NÚMERO DE CONTROL
- campo de control: ES-MaFIAP
005 - FECHA Y HORA DE LA ÚLTIMA TRANSACCIÓN
- campo de control: 20260112090243.0
008 - DATOS DE LONGITUD FIJA
- campo de control de longitud fija: 260112|| aca||aabn | a|a d
040 ## - FUENTE DE LA CATALOGACIÓN
- Centro catalogador/agencia de origen: ES-MaFIAP
- Centro/agencia transcriptor: ES-MaFIAP
100 ## - ENCABEZAMIENTO-NOMBRE DE PERSONA
- Nombre de persona: Medina García, Marta
670 ## - FUENTE DE DATOS ENCONTRADOS
- Cita de la fuente: Work cat.: (ES-MaFIAP)1063: Medina García, Marta, La educación inclusiva como mecanismo de garantía de la igualdad de oportunidades y no discriminación de las personas con discapacidad:, 2017





